Search the Library Catalogue
| 000 -LEADER | |
|---|---|
| fixed length control field | 00519nam a2200193 a 4500 |
| 001 - CONTROL NUMBER | |
| control field | 1770453311803 |
| 003 - CONTROL NUMBER IDENTIFIER | |
| control field | YourLibrary |
| 005 - DATE AND TIME OF LATEST TRANSACTION | |
| control field | 20260207140841.0 |
| 008 - FIXED-LENGTH DATA ELEMENTS--GENERAL INFORMATION | |
| fixed length control field | 260207s2006##################000#0#eng## |
| 020 ## - INTERNATIONAL STANDARD BOOK NUMBER | |
| International Standard Book Number | 9780470029213 |
| 082 04 - DEWEY DECIMAL CLASSIFICATION NUMBER | |
| Classification number | 333.33850941 |
| Item number | BIE |
| 040 ## - CATALOGING SOURCE | |
| Original cataloging agency | YourLibrary |
| Language of cataloging | eng |
| Transcribing agency | YourLibrary |
| 100 1# - MAIN ENTRY--PERSONAL NAME | |
| Personal name | Bien, Melanie, |
| Relator term | author. |
| 245 10 - TITLE STATEMENT | |
| Title | Renting Out Your Property For Dummies : |
| 260 ## - PUBLICATION, DISTRIBUTION, ETC. | |
| Name of publisher, distributor, etc. | For Dummies, |
| Date of publication, distribution, etc. | 2006. |
| 300 ## - PHYSICAL DESCRIPTION | |
| Extent | 392 pages |
| 650 #0 - SUBJECT ADDED ENTRY--TOPICAL TERM | |
| Topical term or geographic name entry element | Business & Economics. |
| 942 ## - ADDED ENTRY ELEMENTS (KOHA) | |
| Koha item type | English Books |
| Withdrawn status | Lost status | Damaged status | Not for loan | Home library | Current library | Shelving location | Date acquired | Total Checkouts | Full call number | Barcode | Date last seen | Price effective from | Koha item type |
|---|---|---|---|---|---|---|---|---|---|---|---|---|---|
| Anna Centenary Library | Anna Centenary Library | 4TH FLOOR, A WING | 07.02.2026 | 333.33850941 BIE | 127322 | 07.02.2026 | 07.02.2026 | English Books |